Loading...
| Arts - Music | 7 | 15.71 | 100% | 43% | 14% |
| Arts - Other Arts | 6 | 18.33 | 100% | 67% | 17% |
| Arts - Painting | 6 | 13.33 | 100% | 33% | 0% |
| History - American | 1 | 20.00 | 100% | 100% | 0% |
| History - American History | 8 | 18.75 | 100% | 75% | 13% |
| History - European | 5 | 18.00 | 100% | 60% | 20% |
| History - Other History | 4 | 15.00 | 100% | 25% | 25% |
| History - World History | 10 | 19.00 | 100% | 70% | 20% |
| Literature - American Lit | 6 | 23.33 | 100% | 100% | 33% |
| Literature - British Lit | 4 | 10.00 | 100% | 0% | 0% |
| Literature - European Lit | 5 | 12.00 | 100% | 20% | 0% |
| Literature - World | 1 | 20.00 | 100% | 100% | 0% |
| Literature - World Lit | 4 | 20.00 | 100% | 100% | 0% |
| Mythology | 6 | 16.67 | 100% | 50% | 17% |
| Other - Geo/CE | 5 | 24.00 | 100% | 100% | 40% |
| Other Academic | 4 | 15.00 | 100% | 50% | 0% |
| Pop Culture | 6 | 15.00 | 83% | 67% | 0% |
| Religion | 5 | 8.00 | 80% | 0% | 0% |
| Science - Biology | 4 | 12.50 | 100% | 25% | 0% |
| Science - Chemistry | 8 | 7.50 | 63% | 13% | 0% |
| Science - Engineering | 1 | 20.00 | 100% | 100% | 0% |
| Science - Other Science | 8 | 15.00 | 88% | 50% | 13% |
| Science - Physics | 6 | 11.67 | 100% | 17% | 0% |
| Thought - Philosophy | 7 | 12.86 | 100% | 29% | 0% |
| Thought - Social Science | 7 | 22.86 | 100% | 71% | 57% |